[Event "Perce Neige"]
[Site "Montreal CAN"]
[Date "2019.03.30"]
[Round "1.4"]
[White "Paduano, Gennaro"]
[Black "Mercure, Gilbert"]
[Result "0-1"]
[WhiteElo "1951"]
[BlackElo "1763"]
[PlyCount "114"]
[EventDate "2019.03.30"]
[EventType "swiss"]
[EventRounds "4"]
[EventCountry "CAN"]

1. e4 d5 2. exd5 Nf6 3. d4 Bg4 4. Be2 Bxe2 5. Nxe2 Qxd5 6. O-O Nc6 7. c3 e6 8.
Qb3 Bd6 9. Qxd5 exd5 10. Bf4 Kd7 11. Bxd6 Kxd6 12. f3 Rae8 13. Kf2 h5 14. h4
Ne7 15. Ng3 g6 16. Na3 a6 17. c4 c6 18. b4 b5 19. c5+ Kd7 20. Nc2 Ra8 21. a4
Rhe8 22. Ra3 Reb8 23. Rfa1 a5 24. axb5 Rxb5 25. Rxa5 Raxa5 26. Rxa5 Rb7 27. Ne2
Ne8 28. Nf4 Nc7 29. Nd3 f6 30. g4 hxg4 31. fxg4 Ke6 32. Kf3 Nb5 33. Nf4+ Kf7
34. Ke3 Ng8 35. g5 Ne7 36. Kd3 Nf5 37. h5 fxg5 38. Nxg6 Kf6 39. Ra8 g4 40. Rc8
Rc7 41. Rxc7 Nxc7 42. Ne5 g3 43. Ke2 Kg5 44. h6 Nxh6 45. Kf3 Kh4 46. Ne3 Ne6
47. Nxc6 Kh3 48. b5 Nxc5 49. Kf4 Ne6+ 50. Kf3 Ng5+ 51. Kf4 Ne6+ 52. Ke5 Ng4+
53. Nxg4 g2 54. b6 g1=Q 55. Kxe6 Qxg4+ 56. Kxd5 Qd7+ 57. Kc4 Qxc6+ 0-1

[Event "Perce Neige"]
[Site "Montreal CAN"]
[Date "2019.03.30"]
[Round "2.1"]
[White "Landry, Sylvain"]
[Black "Guipi Bopala, Prince Eric jr"]
[Result "0-1"]
[WhiteElo "2078"]
[BlackElo "1823"]
[PlyCount "108"]
[EventDate "2019.03.30"]
[EventType "swiss"]
[EventRounds "4"]
[EventCountry "CAN"]

1. e4 e5 2. Bc4 Nc6 3. Nf3 Bc5 4. d3 Nf6 5. O-O d6 6. c3 O-O 7. Nbd2 a6 8. Bb3
Ba7 9. Nc4 h6 10. Bc2 Qe7 11. Ne3 Be6 12. d4 exd4 13. cxd4 Bd7 14. Re1 Rae8 15.
a3 Qd8 16. Nd5 Nxd5 17. exd5 Rxe1+ 18. Qxe1 Re8 19. Qd1 Nxd4 20. Nxd4 Bxd4 21.
Bf4 Qf6 22. Bg3 Bb5 23. a4 Bc4 24. Qg4 Bxd5 25. Rd1 c5 26. h3 Bc4 27. Rd2 Bd5
28. b3 Bc6 29. Kh2 Be5 30. f4 Bd4 31. Bh4 Qe6 32. Bf5 Qe3 33. Rd1 Qe2 34. Re1
Qxg4 35. Rxe8+ Bxe8 36. Bxg4 b5 37. Be2 bxa4 38. bxa4 Bxa4 39. Bxa6 Bb3 40. Be7
d5 41. Bb7 f5 42. Kg3 Kf7 43. Bd6 Ke6 44. Bf8 c4 45. Bc8+ Kf6 46. Kf3 Bd1+ 47.
Kg3 Bb2 48. Bb7 Ke6 49. Bc8+ Kf7 50. Bc5 d4 51. Bxf5 d3 52. Bb4 Be2 53. Kf2 c3
54. Be4 c2 0-1

[Event "Perce Neige"]
[Site "Montreal CAN"]
[Date "2019.03.30"]
[Round "2.2"]
[White "Lesage, Philippe"]
[Black "Gauthier, Luc"]
[Result "0-1"]
[WhiteElo "1845"]
[BlackElo "1698"]
[PlyCount "70"]
[EventDate "2019.03.30"]
[EventType "swiss"]
[EventRounds "4"]
[EventCountry "CAN"]

1. c4 f5 2. g3 Nf6 3. Bg2 e6 4. d3 Be7 5. Nc3 O-O 6. e4 d6 7. exf5 exf5 8. Nge2
Nc6 9. O-O Rb8 10. d4 Bd7 11. b3 Be8 12. d5 Ne5 13. Nd4 Bd7 14. Re1 c5 15. dxc6
bxc6 16. Bf4 c5 17. Ndb5 Bxb5 18. Nxb5 Re8 19. Nxa7 Qb6 20. Nb5 Rbd8 21. Qc2 g6
22. Bxe5 dxe5 23. Rxe5 Ng4 24. Bd5+ Kg7 25. Re6 Qb8 26. Rae1 Bf6 27. Qe2 Ne5
28. Rxe8 Rxe8 29. Qd2 Rd8 30. Qf4 Re8 31. Rd1 Qd8 32. Bf3 Qa5 33. a4 Bg5 34.
Rd7+ Kh8 35. Ra7 Qe1+ 0-1

[Event "Perce Neige"]
[Site "Montreal CAN"]
[Date "2019.03.30"]
[Round "2.4"]
[White "Adam, Rafael"]
[Black "Tsukerman, Julia"]
[Result "1/2-1/2"]
[WhiteElo "1690"]
[BlackElo "1820"]
[PlyCount "85"]
[EventDate "2019.03.30"]
[EventType "swiss"]
[EventRounds "4"]
[EventCountry "CAN"]

1. d4 Nf6 2. c4 e6 3. Nc3 d5 4. Bg5 Be7 5. e3 O-O 6. Nf3 b6 7. Bd3 Bb7 8. cxd5
exd5 9. O-O h6 10. Bh4 Ne4 11. Bxe7 Qxe7 12. Qc2 Nd7 13. Rac1 f5 14. Qb3 c6 15.
Rfd1 Kh8 16. Qc2 Rac8 17. Qe2 Rce8 18. Re1 Qd6 19. Qc2 Re7 20. Nd2 Ndf6 21. f3
Nxc3 22. bxc3 g6 23. e4 fxe4 24. fxe4 dxe4 25. Nxe4 Nxe4 26. Rxe4 Rxe4 27. Bxe4
Qf4 28. Bf3 Qe3+ 29. Kh1 Re8 30. h3 Kg7 31. Rd1 Qf4 32. Qd2 Qxd2 33. Rxd2 Re1+
34. Kh2 Rc1 35. d5 cxd5 36. Bxd5 Bxd5 37. Rxd5 a5 38. Rb5 Rxc3 39. Rxb6 Rc2 40.
a3 Rc3 41. a4 Rc4 42. Rb7+ Kf6 43. Rb6+ 1/2-1/2

[Event "Perce Neige"]
[Site "Montreal CAN"]
[Date "2019.03.30"]
[Round "2.5"]
[White "Paduano, Gennaro"]
[Black "Vezeau, Jonathan"]
[Result "1/2-1/2"]
[WhiteElo "1951"]
[BlackElo "2057"]
[PlyCount "110"]
[EventDate "2019.03.30"]
[EventType "swiss"]
[EventRounds "4"]
[EventCountry "CAN"]

1. e4 e5 2. Nf3 Nc6 3. d4 exd4 4. Nxd4 Bc5 5. Be3 Qf6 6. c3 Nge7 7. Bc4 Ne5 8.
Be2 d6 9. O-O O-O 10. f4 N5c6 11. Nc2 Bb6 12. Nd2 Ng6 13. g3 Re8 14. Bxb6 axb6
15. Ne3 Qd8 16. f5 Nge5 17. f6 g6 18. g4 h6 19. Qe1 Kh7 20. g5 Rh8 21. h4 hxg5
22. hxg5 Kg8 23. Rf4 Qd7 24. Rh4 Rxh4 25. Qxh4 Qh3 26. Qxh3 Bxh3 27. Nd5 Be6
28. Nxc7 Rxa2 29. Rxa2 Bxa2 30. b3 Na5 31. Bd1 Nd3 32. Nb5 Nc1 33. Nxd6 Ncxb3
34. Bxb3 Bxb3 35. Kf2 Be6 36. Ke3 Kf8 37. Kf4 Ba2 38. Nf3 Be6 39. Nd4 Bd7 40.
e5 Bh3 41. e6 fxe6 42. Ke5 Nc6+ 43. Nxc6 bxc6 44. Nc4 b5 45. Ne3 c5 46. Kd6 b4
47. Kxc5 bxc3 48. Kc4 e5 49. Kxc3 Kf7 50. Kb4 Bd7 51. Kc5 Ke6 52. Ng4 Ba4 53.
Nxe5 Bb3 54. Nc6 Kf5 55. Ne7+ Kxg5 1/2-1/2

[Event "Perce Neige"]
[Site "Montreal CAN"]
[Date "2019.03.30"]
[Round "2.6"]
[White "Forget, Luc"]
[Black "Steinberg, Ellis"]
[Result "1-0"]
[WhiteElo "1957"]
[BlackElo "1874"]
[PlyCount "135"]
[EventDate "2019.03.30"]
[EventType "swiss"]
[EventRounds "4"]
[EventCountry "CAN"]

1. d4 Nf6 2. c4 g6 3. Nc3 Bg7 4. e4 d6 5. f3 O-O 6. Be3 e5 7. Nge2 exd4 8. Nxd4
Nc6 9. Nb3 a5 10. a3 Nd7 11. Qd2 a4 12. Nd4 Nxd4 13. Bxd4 Bxd4 14. Qxd4 Nc5 15.
Rd1 Qh4+ 16. g3 Qd8 17. Bg2 f5 18. O-O Qf6 19. Qxf6 Rxf6 20. exf5 Bxf5 21. Rfe1
Rf7 22. Re3 Kf8 23. f4 Re8 24. Rde1 Rxe3 25. Rxe3 c6 26. Bf3 Re7 27. Rxe7 Kxe7
28. Bd1 Bd3 29. Nxa4 Nxa4 30. Bxa4 Bxc4 31. Kf2 Kf6 32. Ke3 h6 33. Bc2 Be6 34.
b4 Bg4 35. a4 Be6 36. Bd3 Bd7 37. a5 Be8 38. Bf1 Bd7 39. Bg2 Ke7 40. Bf3 Kd8
41. g4 Kc7 42. h4 b6 43. Be4 bxa5 44. bxa5 Bxg4 45. Bxg6 Bc8 46. f5 Kd7 47. f6
Ba6 48. Bf5+ Ke8 49. Be6 Kf8 50. Kf4 c5 51. Bd5 Bd3 52. Ke3 Ba6 53. Ke4 Bc8 54.
Bc4 Bb7+ 55. Kf5 d5 56. Be2 c4 57. Ke5 c3 58. Bd3 Kf7 59. h5 Kf8 60. Bg6 Ba6
61. Kxd5 Be2 62. Kd4 Bxh5 63. Bf5 Bg4 64. a6 Bf3 65. Kxc3 Kf7 66. Kd4 Kxf6 67.
Be4 Bxe4 68. Kxe4 1-0

[Event "Perce Neige"]
[Site "Montreal CAN"]
[Date "2019.03.31"]
[Round "3.1"]
[White "Gauthier, Luc"]
[Black "Guipi Bopala, Prince Eric jr"]
[Result "1-0"]
[WhiteElo "1698"]
[BlackElo "1823"]
[PlyCount "123"]
[EventDate "2019.03.30"]
[EventType "swiss"]
[EventRounds "4"]
[EventCountry "CAN"]

1. e4 e5 2. Nf3 Nc6 3. c3 Nf6 4. d4 Nxe4 5. d5 Nb8 6. Nxe5 d6 7. Qa4+ c6 8.
dxc6 bxc6 9. Qxe4 Qe7 10. Bd3 Qxe5 11. Bf4 Qxe4+ 12. Bxe4 Ba6 13. Nd2 d5 14.
Bf3 Be7 15. O-O-O O-O 16. Nb3 Nd7 17. Rhe1 Bh4 18. g3 Bf6 19. Bg4 Nb6 20. Nc5
Bc8 21. Be2 Bf5 22. Bd3 Bxd3 23. Nxd3 a5 24. Nc5 Rfe8 25. Kc2 h6 26. h4 Kh7 27.
Bc7 Nc4 28. Nd7 Rxe1 29. Nxf6+ gxf6 30. Rxe1 Rc8 31. Bf4 h5 32. a4 Kg6 33. b3
Nb6 34. Re7 c5 35. Bc7 Na8 36. Bxa5 Rc6 37. Kd2 Re6 38. Rxe6 fxe6 39. b4 cxb4
40. cxb4 Kf5 41. f3 Ke5 42. b5 Kd6 43. Bd8 f5 44. a5 Kd7 45. Bf6 Kd6 46. f4 Kd7
47. Be5 Nc7 48. b6 Na6 49. b7 Kc6 50. b8=Q Nxb8 51. Bxb8 Kb7 52. Be5 Ka6 53.
Bc7 Kb5 54. Kd3 Kc5 55. Bb6+ Kc6 56. Kd4 Kd6 57. a6 Kc6 58. a7 Kb7 59. Ke5 Ka8
60. Kxe6 d4 61. Bxd4 Kb7 62. Kxf5 1-0

[Event "Perce Neige"]
[Site "Montreal CAN"]
[Date "2019.03.31"]
[Round "3.3"]
[White "Forget, Luc"]
[Black "Adam, Rafael"]
[Result "1-0"]
[WhiteElo "1957"]
[BlackElo "1690"]
[PlyCount "67"]
[EventDate "2019.03.30"]
[EventType "swiss"]
[EventRounds "4"]
[EventCountry "CAN"]

1. d4 Nf6 2. c4 e6 3. Nf3 d5 4. g3 Be7 5. Bg2 O-O 6. O-O Nbd7 7. Qc2 c6 8. Rd1
Ne4 9. Nc3 f5 10. Ne5 Nxe5 11. dxe5 Bc5 12. Bxe4 fxe4 13. Nxe4 Qb6 14. Nxc5
Qxc5 15. Be3 Qxc4 16. Qxc4 dxc4 17. Rac1 Rf5 18. f4 b6 19. Rd6 c5 20. Rxc4 Rf7
21. Rc2 Rd7 22. Rcd2 Rxd6 23. Rxd6 Kf7 24. Bd2 Ke8 25. Kf2 Bd7 26. g4 Rc8 27.
Bc3 g6 28. Kg3 Rc7 29. Kh4 Kf7 30. e4 Bc6 31. f5 Bxe4 32. Rxe6 Rd7 33. Rf6+ Kg8
34. Kg5 1-0

[Event "Perce Neige"]
[Site "Montreal CAN"]
[Date "2019.03.31"]
[Round "3.4"]
[White "Tsukerman, Julia"]
[Black "Mercure, Gilbert"]
[Result "0-1"]
[WhiteElo "1820"]
[BlackElo "1763"]
[PlyCount "91"]
[EventDate "2019.03.30"]
[EventType "swiss"]
[EventRounds "4"]
[EventCountry "CAN"]

1. e4 d5 2. exd5 Nf6 3. d4 Bg4 4. Be2 Bxe2 5. Qxe2 Qxd5 6. Nf3 e6 7. O-O Nc6 8.
c3 Qh5 9. Re1 Bd6 10. Ne5 Qxe2 11. Rxe2 Bxe5 12. dxe5 O-O-O 13. Bd2 Nd7 14. Bg5
f6 15. exf6 Nxf6 16. Nd2 Rd5 17. Nf3 e5 18. Rd2 Rxd2 19. Nxd2 Rd8 20. Rd1 Na5
21. Kf1 Nc4 22. b3 Nb2 23. Rb1 Nd3 24. f3 Nf4 25. Ne4 Nxe4 26. fxe4 Rf8 27.
Bxf4 Rxf4+ 28. Ke2 Rxe4+ 29. Kf3 Rf4+ 30. Ke3 Kd7 31. Rd1+ Ke7 32. c4 c6 33. a3
a5 34. Ke2 g5 35. Ke3 g4 36. Ke2 h5 37. Rd3 Rd4 38. Re3 Ke6 39. Rc3 c5 40. Re3
Kf5 41. Rc3 e4 42. g3 Ke5 43. Re3 a4 44. Rc3 axb3 45. Rxb3 Rxc4 46. Rxb7 0-1

[Event "Perce Neige"]
[Site "Montreal CAN"]
[Date "2019.03.31"]
[Round "3.5"]
[White "Lesage, Philippe"]
[Black "Paduano, Gennaro"]
[Result "1/2-1/2"]
[WhiteElo "1845"]
[BlackElo "1951"]
[PlyCount "62"]
[EventDate "2019.03.30"]
[EventType "swiss"]
[EventRounds "4"]
[EventCountry "CAN"]

1. c4 e5 2. Nc3 Nc6 3. Nf3 Bc5 4. e3 d6 5. a3 a5 6. d4 Ba7 7. dxe5 dxe5 8.
Qxd8+ Kxd8 9. Ng5 Nh6 10. Nb5 f6 11. Nxa7 Rxa7 12. Nf3 a4 13. Bd2 Be6 14. Be2
Na5 15. Bxa5 Rxa5 16. Rd1+ Ke7 17. O-O Rd8 18. Rxd8 Kxd8 19. Rd1+ Ke7 20. Nd2
Nf7 21. Rc1 b6 22. Ne4 Nd6 23. Nxd6 Kxd6 24. Kf1 Kc5 25. Ke1 Ra8 26. Kd2 Rd8+
27. Kc3 f5 28. Rd1 Rxd1 29. Bxd1 Bxc4 30. Bxa4 Bf1 31. g3 b5 1/2-1/2

[Event "Perce Neige"]
[Site "Montreal CAN"]
[Date "2019.03.31"]
[Round "3.6"]
[White "Vezeau, Jonathan"]
[Black "Steinberg, Ellis"]
[Result "1-0"]
[WhiteElo "2057"]
[BlackElo "1874"]
[PlyCount "37"]
[EventDate "2019.03.30"]
[EventType "swiss"]
[EventRounds "4"]
[EventCountry "CAN"]

1. d4 Nf6 2. c4 g6 3. Nf3 Bg7 4. Nc3 O-O 5. e4 d6 6. Be2 e5 7. O-O Nc6 8. d5
Ne7 9. b4 Nh5 10. Re1 Nf4 11. Bf1 a5 12. Rb1 axb4 13. Rxb4 f5 14. Bxf4 exf4 15.
e5 dxe5 16. c5 e4 17. Nd4 Nxd5 18. Nxd5 Qxd5 19. Bc4 1-0

[Event "Perce Neige"]
[Site "Montreal CAN"]
[Date "2019.03.31"]
[Round "4.2"]
[White "Mercure, Gilbert"]
[Black "Forget, Luc"]
[Result "1/2-1/2"]
[WhiteElo "1763"]
[BlackElo "1957"]
[PlyCount "109"]
[EventDate "2019.03.30"]
[EventType "swiss"]
[EventRounds "4"]
[EventCountry "CAN"]

1. e4 c6 2. d4 d5 3. f3 dxe4 4. fxe4 e5 5. Nf3 Bg4 6. Bc4 Qxd4 7. Bxf7+ Kd8 8.
Qxd4+ exd4 9. Bg5+ Be7 10. Nbd2 Bxg5 11. Nxg5 Nh6 12. O-O Ke7 13. h3 Be2 14.
Rf2 Ba6 15. e5 Nd7 16. Re1 Raf8 17. e6 Nf6 18. Nde4 b6 19. b4 Rd8 20. a4 Rd5
21. a5 bxa5 22. Ra1 Rb8 23. Nxf6 gxf6 24. Ne4 f5 25. Nc5 Bb5 26. Rxa5 a6 27.
Nxa6 Bxa6 28. Rxa6 Nxf7 29. exf7 Kxf7 30. Rxc6 Rxb4 31. g4 Rbb5 32. g5 Kg7 33.
h4 Rbc5 34. Rf6 Re5 35. h5 Rcd5 36. h6+ Kg8 37. Rg2 d3 38. cxd3 Rxd3 39. Rc2
Re8 40. Kf2 Rde3 41. Rxf5 R3e6 42. Kg3 Re3+ 43. Rf3 Rxf3+ 44. Kxf3 Kf7 45. Rc7+
Kg6 46. Rg7+ Kh5 47. Kf4 Rf8+ 48. Ke5 Ra8 49. Kf6 Ra6+ 50. Kf7 Ra8 51. Rg8 Ra7+
52. Kf6 Ra6+ 53. Kg7 Kxg5 54. Kxh7+ Kh5 55. Rg2 1/2-1/2

[Event "Perce Neige"]
[Site "Montreal CAN"]
[Date "2019.03.31"]
[Round "4.3"]
[White "Guipi Bopala, Prince Eric jr"]
[Black "Vezeau, Jonathan"]
[Result "0-1"]
[WhiteElo "1823"]
[BlackElo "2057"]
[PlyCount "64"]
[EventDate "2019.03.30"]
[EventType "swiss"]
[EventRounds "4"]
[EventCountry "CAN"]

1. d4 Nf6 2. Bf4 e6 3. e3 c5 4. Bd3 cxd4 5. exd4 Qb6 6. Nf3 Qxb2 7. Nbd2 d5 8.
O-O Nc6 9. Nb3 Qa3 10. Ne5 Nxe5 11. Bxe5 Nd7 12. Bg3 b6 13. f4 g6 14. Qe2 Be7
15. c4 Nf6 16. cxd5 Nxd5 17. Bb5+ Kf8 18. Bc6 Ba6 19. Qf3 Rd8 20. Rfd1 Bf6 21.
Bxd5 Rxd5 22. Bf2 Qd6 23. Rac1 Kg7 24. Rd2 Rc8 25. Rxc8 Bxc8 26. Rc2 Bd7 27. g4
Kg8 28. Rd2 a5 29. g5 Bg7 30. Nc1 Bc6 31. Qb3 Qxf4 32. Be3 Rxg5+ 0-1

[Event "Perce Neige"]
[Site "Montreal CAN"]
[Date "2019.03.31"]
[Round "4.4"]
[White "Adam, Rafael"]
[Black "Lesage, Philippe"]
[Result "1/2-1/2"]
[WhiteElo "1690"]
[BlackElo "1845"]
[PlyCount "78"]
[EventDate "2019.03.30"]
[EventType "swiss"]
[EventRounds "4"]
[EventCountry "CAN"]

1. d4 Nf6 2. c4 e6 3. Nc3 Bb4 4. a3 Bxc3+ 5. bxc3 b6 6. Nf3 Ne4 7. Qc2 Bb7 8.
e3 O-O 9. Bd3 f5 10. O-O d6 11. Nd2 Nxd2 12. Bxd2 Qh4 13. f3 Nd7 14. Rab1 Nf6
15. a4 Rae8 16. a5 Bc6 17. axb6 axb6 18. Ra1 Ra8 19. Qb2 Qh5 20. Rxa8 Rxa8 21.
Ra1 Qe8 22. Kf2 g6 23. Bc2 e5 24. Bb3 Kg7 25. Ra3 e4 26. f4 Ng4+ 27. Kg1 Qd8
28. h3 Nf6 29. Qa2 Rxa3 30. Qxa3 Qa8 31. Bc1 Qa5 32. Bb2 h6 33. Kf2 g5 34. g3
Qxa3 35. Bxa3 Kg6 36. Kg2 Nd7 37. Kf2 Nf6 38. Ke2 Nd7 39. Kf2 Nf6 1/2-1/2

[Event "Perce Neige"]
[Site "Montreal CAN"]
[Date "2019.03.31"]
[Round "4.5"]
[White "Landry, Sylvain"]
[Black "Paduano, Gennaro"]
[Result "1-0"]
[WhiteElo "2078"]
[BlackElo "1951"]
[PlyCount "61"]
[EventDate "2019.03.30"]
[EventType "swiss"]
[EventRounds "4"]
[EventCountry "CAN"]

1. e4 e5 2. Bc4 Nf6 3. d3 c6 4. Bb3 Be7 5. Nf3 O-O 6. O-O d6 7. Nbd2 Nbd7 8. c3
h6 9. Re1 Nh7 10. Nf1 Nc5 11. Bc2 Ng5 12. Ng3 Bg4 13. Bxg5 Bxg5 14. h3 Bxf3 15.
Qxf3 g6 16. Rad1 Ne6 17. Bb3 Qb6 18. Qg4 Kh7 19. d4 exd4 20. h4 Bf4 21. Ne2 Be5
22. Bxe6 fxe6 23. cxd4 Bg7 24. Nf4 Bxd4 25. Qxg6+ Kh8 26. Qxh6+ Kg8 27. Qxe6+
Kh7 28. Qg6+ Kh8 29. Qh5+ Kg8 30. Re2 Rf6 31. Rd3 1-0

[Event "Pere Noel"]
[Site "Montreal CAN"]
[Date "2019.12.26"]
[Round "1.2"]
[White "Landry, Sylvain"]
[Black "Rodrigue-Lemieux, Shawn"]
[Result "0-1"]
[WhiteElo "1974"]
[BlackElo "2387"]
[PlyCount "70"]
[EventDate "2019.12.26"]
[EventType "swiss"]
[EventRounds "5"]
[EventCountry "CAN"]

1. e4 c6 2. d4 d5 3. e5 Bf5 4. h4 Qc7 5. g4 Bc8 6. Nc3 a6 7. h5 e6 8. f4 c5 9.
dxc5 Bxc5 10. Nf3 Nc6 11. Rh2 Bd7 12. Bd3 O-O-O 13. Qe2 f6 14. Bd2 fxe5 15.
fxe5 Nh6 16. Rg2 Nf7 17. O-O-O Nfxe5 18. Kb1 Nxf3 19. Qxf3 Ne5 20. Qe2 Nxd3 21.
Qxd3 Kb8 22. Be1 Ka8 23. Bh4 Rdf8 24. Bg3 Qd8 25. Be5 Qg5 26. Qe2 Rf7 27. a3
Rhf8 28. Bd4 Bxd4 29. Rxd4 Rf1+ 30. Rd1 Rxd1+ 31. Qxd1 Rf4 32. Qe2 d4 33. Nd1
Bc6 34. Rg3 e5 35. Nf2 Qh4 0-1

[Event "Pere Noel"]
[Site "Montreal CAN"]
[Date "2019.12.26"]
[Round "1.3"]
[White "Ouellet, Maili-Jade"]
[Black "Tsukerman, Julia"]
[Result "1/2-1/2"]
[WhiteElo "2346"]
[BlackElo "1950"]
[PlyCount "118"]
[EventDate "2019.12.26"]
[EventType "swiss"]
[EventRounds "5"]
[EventCountry "CAN"]

1. d4 Nf6 2. c4 e6 3. Nc3 d5 4. cxd5 exd5 5. Bg5 Be7 6. e3 c6 7. Bd3 Nbd7 8.
Qc2 Nh5 9. Bxe7 Qxe7 10. Nge2 g6 11. O-O-O Nb6 12. h3 Ng7 13. g4 Bd7 14. Kb1
O-O-O 15. Nc1 h5 16. Qe2 Qg5 17. f3 Rde8 18. e4 dxe4 19. Nxe4 Qf4 20. Qf2 Be6
21. Ne2 Qc7 22. Rc1 hxg4 23. hxg4 Rxh1 24. Rxh1 f5 25. Nc5 Bc4 26. Rh7 Qf7 27.
Nc3 Qf6 28. gxf5 Bxd3+ 29. Nxd3 Nxf5 30. Ne4 Qd8 31. Ndc5 Re7 32. Qh2 Nd7 33.
Rxe7 Qxe7 34. Qh8+ Qf8 35. Qh7 Nxc5 36. Nxc5 Qg7 37. Qxg7 Nxg7 38. Kc2 b6 39.
Nd3 Ne6 40. Ne5 Nxd4+ 41. Kd3 c5 42. f4 Kc7 43. Nxg6 Kd6 44. Ke4 Ke6 45. Ne5
Nf5 46. a4 a6 47. Nd3 Nd6+ 48. Kf3 c4 49. Nb4 a5 50. Nc2 Nb7 51. Ne3 Nc5 52.
Nxc4 Nxa4 53. Ke4 b5 54. Nxa5 Nxb2 55. Nc6 Nc4 56. Nd4+ Kf6 57. Nxb5 Nd2+ 58.
Ke3 Nc4+ 59. Kf3 Ne5+ 1/2-1/2

[Event "Pere Noel"]
[Site "Montreal CAN"]
[Date "2019.12.26"]
[Round "1.4"]
[White "Weston, Paul"]
[Black "Leveille, Francois"]
[Result "0-1"]
[WhiteElo "1922"]
[BlackElo "2300"]
[PlyCount "52"]
[EventDate "2019.12.26"]
[EventType "swiss"]
[EventRounds "5"]
[EventCountry "CAN"]

1. e4 e5 2. Nf3 Nf6 3. Nxe5 d6 4. Nf3 Nxe4 5. d4 d5 6. Bd3 Nc6 7. O-O Be7 8.
Re1 Bg4 9. c3 f5 10. Nbd2 Qd6 11. Qa4 O-O 12. Qb3 Kh8 13. Qxb7 Rab8 14. Qa6 Rb6
15. Qa4 Qg6 16. Qc2 Qh5 17. Ne5 Nxe5 18. dxe5 Bc5 19. Bxe4 fxe4 20. Nxe4 dxe4
21. Be3 Bf3 22. gxf3 Rg6+ 23. Kf1 exf3 24. Red1 Qxh2 25. Ke1 Bxe3 26. Qf5 Qh1#
0-1

[Event "Pere Noel"]
[Site "Montreal CAN"]
[Date "2019.12.26"]
[Round "1.5"]
[White "Duong, Thanh Nha"]
[Black "Zhe, Jia"]
[Result "1-0"]
[WhiteElo "2295"]
[BlackElo "1916"]
[PlyCount "63"]
[EventDate "2019.12.26"]
[EventType "swiss"]
[EventRounds "5"]
[EventCountry "CAN"]

1. e4 c5 2. Nc3 d6 3. f4 g6 4. Nf3 Bg7 5. Bc4 e6 6. d4 cxd4 7. Nxd4 a6 8. Bb3
Ne7 9. Be3 Nbc6 10. Qd2 b5 11. O-O-O Na5 12. Rhf1 Nxb3+ 13. axb3 f5 14. exf5
gxf5 15. Nf3 d5 16. Bd4 Bxd4 17. Qxd4 Ng6 18. h4 Rg8 19. h5 Ne7 20. h6 Nc6 21.
Qc5 Bd7 22. Rfe1 Qe7 23. Qb6 Nb4 24. Nxd5 Nxd5 25. Rxd5 Rxg2 26. Rd6 Rg6 27.
Ne5 Qh4 28. Rf1 Rd8 29. Nxd7 Rxd7 30. Qc6 Qe7 31. Rfd1 e5 32. Qc8+ 1-0

[Event "Pere Noel"]
[Site "Montreal CAN"]
[Date "2019.12.26"]
[Round "1.6"]
[White "Yan, Alex Jikai"]
[Black "Saha, Ananda"]
[Result "0-1"]
[WhiteElo "1915"]
[BlackElo "2270"]
[PlyCount "70"]
[EventDate "2019.12.26"]
[EventType "swiss"]
[EventRounds "5"]
[EventCountry "CAN"]

1. e4 e6 2. d4 d5 3. exd5 exd5 4. Nf3 Bd6 5. Bd3 Nc6 6. Nc3 Nge7 7. O-O Bg4 8.
Be3 Qd7 9. Nb5 f6 10. Nxd6+ Qxd6 11. h3 Bf5 12. Re1 O-O-O 13. c3 g5 14. b4 h5
15. a4 Rdg8 16. Nh2 g4 17. hxg4 hxg4 18. g3 Qd7 19. Kg2 Bxd3 20. Qxd3 Nf5 21.
Rh1 Qh7 22. Kg1 Nce7 23. Bd2 Qh5 24. Qf1 Rh7 25. Qg2 Rgh8 26. Re1 Nd6 27. Bf4
Ne4 28. c4 Ng6 29. cxd5 f5 30. Be3 Ne7 31. d6 cxd6 32. Bf4 Kd7 33. b5 Nd5 34.
Rc1 Nxf4 35. gxf4 Qh6 0-1

[Event "Pere Noel"]
[Site "Montreal CAN"]
[Date "2019.12.26"]
[Round "1.7"]
[White "Voskanyan, Vahagn"]
[Black "Craciun, David"]
[Result "1/2-1/2"]
[WhiteElo "2232"]
[BlackElo "1901"]
[PlyCount "124"]
[EventDate "2019.12.26"]
[EventType "swiss"]
[EventRounds "5"]
[EventCountry "CAN"]

1. c4 e6 2. Nf3 d5 3. e3 Nf6 4. b3 Be7 5. Bb2 O-O 6. Be2 Nbd7 7. O-O c5 8. d4
dxc4 9. Bxc4 a6 10. a4 Qb6 11. Nbd2 Rd8 12. Qe2 Nd5 13. Ne4 N7f6 14. dxc5 Bxc5
15. a5 Qa7 16. Nxc5 Qxc5 17. Rfc1 Qe7 18. Ba3 Qe8 19. e4 Nf4 20. Qe3 e5 21. h3
Bd7 22. Bb2 Ng6 23. Ng5 Nh8 24. Qc5 Bc6 25. Qxe5 Qxe5 26. Bxe5 Nxe4 27. Nxe4
Bxe4 28. Bc7 Re8 29. Rd1 Rac8 30. Bb6 Ng6 31. Rd4 Bc6 32. Rad1 Ne5 33. Bd5 Bxd5
34. Rxd5 Re7 35. Rd8+ Re8 36. Rxc8 Rxc8 37. Rd5 Nc6 38. Rd7 Rb8 39. f4 Kf8 40.
Kf2 Ke8 41. Rc7 Nd8 42. f5 Nc6 43. Ke3 Ne7 44. Ke4 g6 45. g4 Nc6 46. Kf4 Kf8
47. Bc5+ Kg7 48. b4 Kf6 49. h4 h6 50. g5+ hxg5+ 51. hxg5+ Kg7 52. Rd7 Kg8 53.
Rc7 Kg7 54. Bd6 gxf5 55. Kxf5 Nd4+ 56. Kg4 Nc6 57. Bc5 Kg6 58. Bd6 Rd8 59. Bf4
Rd4 60. Rxb7 Rxb4 61. Rb6 Rxb6 62. axb6 f6 1/2-1/2

[Event "Pere Noel"]
[Site "Montreal CAN"]
[Date "2019.12.26"]
[Round "1.8"]
[White "Kozlov, Guennadi"]
[Black "Beaulieu, Eric"]
[Result "0-1"]
[WhiteElo "1893"]
[BlackElo "2225"]
[PlyCount "64"]
[EventDate "2019.12.26"]
[EventType "swiss"]
[EventRounds "5"]
[EventCountry "CAN"]

1. e4 d5 2. exd5 Qxd5 3. Nc3 Qd8 4. d4 Nf6 5. Nf3 Bf5 6. Be2 e6 7. O-O Be7 8.
Bf4 O-O 9. h3 Nbd7 10. d5 Nc5 11. dxe6 Nxe6 12. Be5 Qxd1 13. Rfxd1 Bxc2 14. Rd2
Bg6 15. Nh4 Rfd8 16. Rad1 c6 17. Nxg6 hxg6 18. Bc4 Nc5 19. Bd6 Bxd6 20. Rxd6
Rxd6 21. Rxd6 Kf8 22. b4 Ncd7 23. f4 Re8 24. Kf2 Re4 25. Rxf6 Rxc4 26. Rd6 Ke7
27. Rd3 Rxf4+ 28. Ke3 Rxb4 29. Ne2 Ne5 30. Rc3 Rb2 31. a3 Ra2 32. g3 Rxa3 0-1

[Event "Pere Noel"]
[Site "Montreal CAN"]
[Date "2019.12.26"]
[Round "1.9"]
[White "Zhong, Kevin"]
[Black "Gorunovich, Anna"]
[Result "1/2-1/2"]
[WhiteElo "2185"]
[BlackElo "1890"]
[PlyCount "92"]
[EventDate "2019.12.26"]
[EventType "swiss"]
[EventRounds "5"]
[EventCountry "CAN"]

1. e4 c5 2. Ne2 Nc6 3. Nbc3 e6 4. d4 cxd4 5. Nxd4 a6 6. Nxc6 bxc6 7. Bd3 d5 8.
O-O Qc7 9. Qe2 Bb7 10. b3 Bd6 11. f4 Bc5+ 12. Kh1 Nf6 13. e5 Nd7 14. Bb2 g6 15.
Na4 Be7 16. c4 Nc5 17. Nxc5 Bxc5 18. Rac1 Qb6 19. Qc2 Be7 20. c5 Qc7 21. b4 a5
22. b5 cxb5 23. Bxb5+ Bc6 24. Qa4 Kd7 25. Bd4 Rhb8 26. Rb1 Bxb5 27. Rxb5 Rxb5
28. Qxb5+ Qc6 29. Qb2 Ra7 30. Qc3 Bd8 31. Rb1 Rb7 32. Rb3 Rxb3 33. Qxb3 Be7 34.
Qa3 a4 35. Qb4 Qa6 36. h3 Kc6 37. Qb1 Kd7 38. Qb4 Kc6 39. Qb8 Kd7 40. Kh2 h5
41. Qg8 Qc4 42. Qa8 Bxc5 43. Qb7+ Kd8 44. Qb8+ Kd7 45. Qb7+ Kd8 46. Qb8+ Kd7
1/2-1/2

[Event "Pere Noel"]
[Site "Montreal CAN"]
[Date "2019.12.26"]
[Round "1.10"]
[White "Destree, Frederic"]
[Black "Huang, Qiuyu"]
[Result "1/2-1/2"]
[WhiteElo "1874"]
[BlackElo "2181"]
[PlyCount "76"]
[EventDate "2019.12.26"]
[EventType "swiss"]
[EventRounds "5"]
[EventCountry "CAN"]

1. Nf3 d5 2. g3 Nf6 3. Bg2 e6 4. O-O Be7 5. d3 c5 6. Nbd2 d4 7. e3 Nc6 8. Re1
O-O 9. Nc4 Nd7 10. exd4 cxd4 11. Bf4 Nc5 12. Nce5 f6 13. Nxc6 bxc6 14. Qe2 e5
15. Bxe5 fxe5 16. Nxe5 Bb7 17. Nxc6 Bxc6 18. Bxc6 Rc8 19. Qxe7 Rxc6 20. Qxa7
Qf6 21. f4 Ne6 22. Qd7 Rb6 23. Qd5 Kh8 24. a4 Qf5 25. Qxf5 Rxf5 26. a5 Ra6 27.
b4 Kg8 28. Re5 Rxe5 29. fxe5 Nc7 30. Kf2 Kf7 31. Kf3 Ke6 32. Ke4 Nb5 33. h4 h5
34. Rf1 Ra8 35. Rf5 Nc3+ 36. Kf4 Nd5+ 37. Ke4 Nc3+ 38. Kf4 Nd5+ 1/2-1/2